| 000 | 02243nam0a2200373 i 4500 | ||
|---|---|---|---|
| 001 | RU\NLR\BIBL_A\011121625 | ||
| 005 | 20260408084449.0 | ||
| 010 |
_a9785990735088 _9500 |
||
| 021 |
_aRU _b2016-32604 _92095 |
||
| 035 | _a(NILC)RuMoRGB-008461572 | ||
| 035 | _a(NLR Aleph) 011121625 | ||
| 090 |
_a11524961 _c11524961 |
||
| 100 | _a20160512d2016 k y0rusy50 ca | ||
| 101 | 0 | _arus | |
| 102 | _aRU | ||
| 105 | _aa z 000yy | ||
| 200 | 1 |
_aИнформационные технологии поддержки принятия решений при оценке социальных рисков развития техногенных систем _eмонография _f[В. В. Ломакин, И. С. Шаповалова, Р. Г. Асадуллаев и др.] _gпод науч. ред. проф. Ю. А. Зубок [и др.] _gМ-во образования и науки Рос. Федерации, Федер. гос. автоном. образоват. учреждение высш. проф. образования "Белгородский гос. нац. исслед. ун-т" |
|
| 210 |
_aБелгород _cЭпицентр _d2016 |
||
| 215 |
_a115, [1] с. _cил. _d21 |
||
| 300 | _aАвт. указаны на обороте тит. л. | ||
| 320 | _aБиблиогр. в конце кн. (67 назв.) и в подстроч. примеч. | ||
| 606 |
_aТехногенный риск _xСоциально-психологические исследования _92310844 _3RU\NLR\AUTH\661383024 |
||
| 675 | _a316 | ||
| 686 | 1 | _aС550.01 | |
| 701 | 1 |
_aЛомакин _bВ. В. _gВладимир Васильевич |
|
| 701 | 1 |
_aШаповалова _bИ. С. _gИнна Сергеевна |
|
| 701 | 1 |
_aАсадуллаев _bР. Г. _gРустам Геннадьевич |
|
| 702 | 1 |
_aЗубок _bЮ. А. _gЮлия Альбертовна _4340 |
|
| 712 | 0 | 2 |
_4570 _aБелгородский государственный национальный исследовательский университет _9283545 _3RU\NLR\AUTH\8810197260 |
| 801 | 0 |
_aRU _bРГБ _c20160419 _gRCR |
|
| 942 | _cBOOK | ||
| 980 | _aNBR | ||